000 00559nam a2200193Ia 4500
008 131103s9999 xx 000 0 und d
040 _aLoreto College
041 _aEnglish
082 _a821.1/WES
_bLCLIB(Press)
100 _aWest, C B
245 _aCourtoisie in Anglo - Norman literature
_cC B West
260 _aOxford
_bBasil Blackwell
_c1938
300 _a175p.
_c 23cm.
440 _aMedium aevum monographs
504 _aIncludes bibliographical references
650 _aEnglish poetry - criticism
850 _aLCLIB/821.1/WES
942 _cBK
999 _c24641
_d75120